[Event "South Island-ch"]
[Site "Dunedin"]
[Date "2012.10.10"]
[Round "1"]
[White "Brockway, Andrew"]
[Black "Lukey, Stephen G"]
[Result "0-1"]
[WhiteElo "1798"]
[BlackElo "2236"]
[PlyCount "66"]
[EventDate "2012.10.14"]
[EventType "swiss"]
[EventRounds "9"]
[EventCountry "NZL"]
[SourceTitle "EXT 2018"]
[Source "ChessBase"]
[SourceDate "2017.10.13"]
[SourceVersion "1"]
[SourceVersionDate "2017.10.13"]
[SourceQuality "1"]

1. e4 e6 2. d4 d5 3. Nd2 Nf6 4. e5 Nfd7 5. Ngf3 c5 6. c3 Nc6 7. Bd3 a5 8. 0-0 a4 9. Bb5 Qa5 10. Bxc6 bxc6 11. dxc5 Nxc5 12. Nd4 Qc7 13. Re1 Nd3 14. Re3 Nxe5 15. N2f3 Nxf3+ 16. Qxf3 Be7 17. Qh5 g6 18. Qe2 0-0 19. Nf3 Bc5 20. Nd4 Ba6 21. Qg4 e5 22. Nf5 Bc8 23. Nh6+ Kg7 24. Qg5 f6 25. Qh4 Bxe3 26. Bxe3 Qe7 27. Ng4 g5 28. Qh6+ Kh8 29. Qh5 Qf7 30. Qxf7 Rxf7 31. h3 h5 32. Nh2 Rb8 33. Rb1 Bf5 0-1